00313nam a2200145Ia 45000030006000000080041000060400015000471000019000622450025000812500006001062600020001123000006001325460012001380050017001500STCL150530s9999 xx 000 0 und d aSTCLcSTCL aShenoy Manjula aAnimal Biotechnology a1 c2007aNew Delhi a0 aEnglish20220125170617.0